000 02155nam a2200217Ia 4500
999 _c1252
_d1252
020 _a0333981189 (hbk.)
020 _a0333981197 (pbk.)
022 _a9780333981191
050 _aHF5415.13
_b.B6783
100 1 _aBrennan, Ross,
245 1 0 _aContemporary strategic marketing /
_cRoss Brennan, Paul Baines and Paul Garneau.
260 _aBasingstoke, Hants :
_bPalgrave Macmillan,
_cc2003.
300 _axx, 380 p. :
_bill. ;
_c25 cm.
500 _aIncludes index
505 _aList of Figures and Tables - About the Authors - Foreword by Phil Harris, Chairman of the Academy of Marketing 1999-2002 - Preface - Acknowledgements - PART ONE: TEXT - Introduction - What is Strategic Marketing? - Understanding Consumer Behaviour - Organisational Buying Behaviour - Understanding the Competitive Environment - Understanding the Macroenvironment - Strategic Marketing Analysis - Marketing Strategy Formulation - Relationship Marketing Strategies - e-Marketing Strategies - Marketing Strategy for Mass-mediated Services - Analysing Strategic Marketing Case Studies - PART TWO: CASE STUDIES - British Telecommunications plc 'A': the Strategic Dilemma - British Telecommunications plc 'B': Tomorrow the World? - Competition in the UK Ice Cream Market - Fulham FC: Strategic Marketing for Football Clubs - Regaining the International Market for British Beef - GlaxoSmithKline in South Africa - Should UPS Purchase the Shuttle? - News Corporation in the British Newspaper Market - A Tale of Two Wine Brands - BriCol Engineering Ltd - Crisis in the European Airline Industry - Internationalising the Chartered Institute of Marketing - Golden Arch Hotels - Marketing Australia to the World - Trouble with the CPC100 - PART THREE: READINGS - Interaction, Relationships and Networks in Business Markets: An Evolving Perspective - Revisiting Marketing's Lawlike Generalizations - Relationship Marketing: The Strategy Continuum - Combining Corporate and Marketing Strategy for Global Competitiveness - Value-based Marketing
650 0 _aMarketing
_xManagement.
650 0 _aStrategic planning.
700 1 _aBaines, Paul,
700 1 _aGarneau, Paul.
942 _cBK